[Event "Interzonal-16"]
[Site "Biel"]
[Date "1993.??.??"]
[Round "5"]
[White "Ftacnik, Lubomir"]
[Black "Malisauskas, Vidmantas"]
[Result "1/2-1/2"]
[WhiteElo "2535"]
[BlackElo "2540"]
[Annotator "Ftacnik,L"]
[PlyCount "122"]
[EventDate "1993.07.16"]
[EventType "swiss"]
[EventRounds "13"]
[EventCountry "SUI"]
[SourceTitle "CBM 037"]
[Source "ChessBase"]
[SourceDate "1993.12.01"]
[SourceVersion "1"]
[SourceVersionDate "1993.12.01"]
[SourceQuality "1"]

1. d4 Nf6 2. Nf3 g6 3. c4 Bg7 4. Nc3 d5 5. Bf4 O-O 6. Rc1 dxc4 7. e4 c5 8. dxc5
Na6 9. Qxd8 (9. e5 Nd7 10. Bxc4 Ndxc5 11. O-O Be6 12. Bxe6 Nxe6 13. Be3 Nac5
14. Qc2 Qd3 15. Rfd1 Qxc2 16. Rxc2 Rfd8 17. Rcd2 Rxd2 18. Rxd2 Kf8 19. b4 Na6
20. a3 Ke8 21. g4 Nb8 22. Rd5 b6 23. Nb5 Nc6 24. Ng5 $14 {Van Wely,L-Hellers,F/
Skei (4)/1993/0.5 (29)}) (9. Bxc4 Nxc5 10. Qe2 (10. e5 Nfd7 11. O-O (11. Qd4
Ne6 12. Bxe6 fxe6 13. Bg3 Nb6 14. Qh4 Bd7 15. O-O Rc8 16. Rfd1 Qe8 17. Ne4 Rxc1
18. Rxc1 Nd5 19. Nc5 Qc8 20. Qg5 Rf5 21. Qd2 Rxf3 22. Nxd7 Qxd7 23. gxf3 Kf7
24. Rc4 $16 {Bronstein,D-Hort,V/Moskva/Praha/1968/0.5 (41)}) 11... Nb6 12. Qe2
Be6 13. Bb5 a6 14. Rfd1 Qb8 15. b4 axb5 16. bxc5 b4 17. cxb6 bxc3 18. Rxc3 Rxa2
19. Qe3 Qa8 20. h3 Qa6 21. Qc5 h6 22. Be3 Re8 23. Rcc1 Bf5 24. Qc7 $13 {
Reshevsky,S-Hort,V/Los Angeles (m)/1968/0.5 (42)}) 10... Be6 11. O-O Bxc4 12.
Qxc4 Nd3 13. Bc7 Rc8 14. Bxd8 Rxc4 15. Nd2 Rxc3 16. Rxc3 Rxd8 17. Rc7 Nf4 18.
Nb3 Nxe4 19. g3 Nd5 20. Rxb7 Bxb2 21. Rxa7 Rc8 22. a4 e6 23. a5 Rb8 24. a6 $19
{Martz,W-Larsen,B/USA/1970/0-1 (27)}) 9... Rxd8 10. e5 (10. c6 bxc6 11. Bxc4
Nc5 12. Ne5 Be6 13. Bxe6 Nxe6 14. Be3 Nxe4 15. Nxc6 Bxc3+ 16. bxc3 Rd7 17. f3
N4c5 18. O-O Rc8 19. Nd4 Nd3 20. Rb1 Nxd4 21. cxd4 Rc3 22. Rfd1 Ra3 23. Kf1 a5
24. Rb3 $10 {Van Wely,L-Malisauskas,V/Novy Smokovec/1992/0.5 (27)}) 10... Ne8 (
10... Ng4 11. h3 Nh6 12. Bxc4 Nxc5 13. Ke2 Be6 14. Nb5 Rac8 15. Nxa7 Ra8 16.
Be3 Bxc4+ 17. Rxc4 Nd7 18. Nb5 Rxa2 19. Rb4 Nf5 20. Rd1 Raa8 21. e6 Nxe3 22.
fxe3 Nc5 23. exf7+ Kxf7 24. Nbd4 $10 {Bronstein,D-Filip,M/Amsterdam ct/1956/
1-0 (58)}) 11. Be3 (11. Bxc4 Nxc5 12. Bg5 Kf8 13. O-O Be6 $10) 11... Be6 $6 (
11... Bg4 12. Bxc4 Bxf3 13. gxf3 Bxe5 14. c6 $1 $16) (11... Nb4 $1 12. Bxc4 Be6
13. Ne4 (13. Bxe6 Nd3+ 14. Kf1 Nxc1 (14... fxe6 15. Rc2 Nxe5 16. Nxe5 Bxe5 17.
Ke2 $14) 15. Bc4 Nd3 16. e6 $15) 13... Nxa2 (13... Bxc4 14. Rxc4 Nd3+ 15. Ke2
Nxe5 16. Nxe5 Bxe5 17. b4 $14) 14. Bxa2 Bxa2 15. O-O $15) 12. Ng5 Nec7 13. f4 (
13. Nxe6 Nxe6 14. Bxc4 Naxc5 15. f4 Nd3+ 16. Bxd3 Rxd3 $10) 13... Bh6 (13...
Bd5 14. Nxd5 Nxd5 15. Kf2 Nxe3 16. Kxe3 Nxc5 17. Bxc4 e6 18. b4 $14) (13...
Rac8 14. Nxe6 Nxe6 15. Bxc4 Naxc5 16. O-O $36) 14. Nxe6 Nxe6 15. g3 Naxc5 16.
Bxc4 a6 $1 (16... Nd3+ 17. Bxd3 Rxd3 18. Ke2 Rd7 19. Rhd1 $16) 17. b4 $6 (17.
Ke2 $5 Nd4+ 18. Bxd4 Rxd4 19. Nd5 Rd8 $1 (19... e6 20. Nf6+ Kh8 21. Rhd1 $14)
20. Rhd1 (20. b4 Na4 21. Rhd1 Rxd1 22. Rxd1 Rxd5 23. Rxd5 Nc3+ 24. Kd3 Nxd5 25.
Bxd5 b6 26. Bb7 a5 27. bxa5 bxa5 28. Kc4 g5 $1 29. f5 $14) 20... Rxd1 21. Rxd1
Kf8 22. b4 Na4 23. Rc1 $14) (17. Nd5 b5 (17... Kf8 18. Nb6 Rab8 19. O-O $16)
18. Nxe7+ Kf8 19. Bxc5 Nxc5 20. Be2 Kxe7 21. Rxc5 Rac8 22. Rxc8 Rxc8 23. Kd2
$14) 17... Nd3+ 18. Bxd3 Rxd3 19. Ke2 Rad8 20. Rc2 (20. Rhd1 Rxd1 21. Rxd1 Rxd1
22. Kxd1 f6 23. exf6 exf6 24. Nd5 Kf7 $10) 20... f6 $1 21. exf6 exf6 22. Rb1 $6
(22. Ne4 f5 23. Nc5 Nxc5 24. bxc5 Ra3 25. Rb1 Re8 26. Rb3 Rxb3 27. axb3 Bg7 $10
) 22... f5 23. Na4 (23. Rd1 Rxd1 24. Nxd1 Bg7 $15) 23... Ra3 24. Nc5 Re8 $1 25.
Nxe6 (25. Kf2 $2 Rxe3 26. Kxe3 Nxc5+ $19) 25... Rxe6 26. Rb3 Rxb3 27. axb3 Bf8
28. Rc8 (28. b5 axb5 29. Rc7 Bd6 30. Rc8+ Kf7 31. Kd3 $15) (28. Rc4 b5 29. Rd4
h6 $15 {xb4}) 28... Kf7 29. Rb8 (29. Rc7+ Re7 30. Rc8 $5 (30. Rxe7+ Bxe7 31.
Bd2 (31. b5 axb5 32. Kd3 $15) 31... Ke6 32. Kd3 Kd5 $15)) 29... b5 30. Rb7+ Kg8
31. Rb8 Kg7 32. Rb7+ Kh6 $3 33. g4 $8 Bxb4 (33... fxg4 34. f5+ Rxe3+ 35. Kxe3
gxf5 36. Kf4 $16) 34. g5+ Kh5 35. Kf3 (35. Rxh7+ Kg4 36. Kf2 Be1+ $1 $8 37. Ke2
a5 $17) 35... Re7 36. Rb8 (36. Rxe7 Bxe7 37. Bf2 a5 38. Be1 a4 $19) (36. Rb6 $2
Rxe3+ $1 $19) 36... Rc7 37. Rd8 (37. Bd4 Bc3 38. Bb6 Rd7 39. Ra8 Rd3+ 40. Ke2
Rd2+ 41. Kf3 Rxh2 42. Rxa6 Rh3+ 43. Kg2 Kg4 $17) 37... a5 (37... Rc3 38. Rh8
Rc7) (37... Bc5 38. Bd2 $1) 38. Rb8 (38. Rd5 Rb7 39. Bd4 a4 $17) 38... Bc5 39.
Rxb5 $2 (39. Bd2 b4 (39... Rd7 40. Rxb5 Rxd2 41. Rxc5 Rxh2 42. Rxa5 Rh3+ 43.
Ke2 Rxb3 44. Ra7 Kg4 $19) 40. Rb5 Rd7 41. Ke2 Bg1 $17) 39... Bxe3 40. Kxe3 Kg4
$1 41. Rxa5 Rc3+ 42. Kf2 (42. Kd4 Rxb3 43. Ke5 Re3+ 44. Kf6 Kxf4 45. Ra7 Rh3
46. Ra4+ Kf3 47. Ra2 Kg4 $19) 42... Rxb3 $2 (42... Kxf4 43. Rb5 Rc2+ 44. Kg1
Kxg5 45. b4 Kg4 $19) 43. Ra7 Rb2+ 44. Kg1 Kf3 (44... Kxf4 45. Rxh7 Kxg5 $17)
45. Ra3+ Kxf4 46. Ra7 Kf3 47. Ra3+ Ke2 48. Kg2 $1 Rd2 (48... f4 49. Rf3 Rb4 50.
h4 Re4 51. Ra3 Re3 52. Ra2+ Kd3 53. Ra4 $1 Rg3+ (53... Re4 54. Ra3+ Kd4 55.
Ra4+ Ke5 56. Ra5+ Ke6 57. Kf3 $10) 54. Kf2 Rg4 55. h5 $1 gxh5 56. Kf3 Rxg5 57.
Rxf4 $10) (48... Rb4 49. h3 Rd4 50. Ra2+ Ke3 51. Kg3 $1 Rd3 (51... f4+ 52. Kg4
f3+ 53. Kg3 Rd3 54. Rb2 Rd1 55. Rb3+ Ke2 56. Rxf3 Rg1+ 57. Kf4 Rxg5 58. Kxg5
Kxf3 59. Kh6 $10) 52. Rb2 Ke4+ (52... f4+ 53. Kg4 f3 (53... Ke4 54. Rb4+ Ke5
55. Rxf4 Rxh3 56. Rf7 $1 $10) 54. Kg3 Rd5 55. Rb3+ Ke4 56. Rb4+ $10) 53. Kh4 $3
Kf3 (53... f4 54. Rb4+ Ke5 55. Rb5+ (55. Rxf4 $2 Rxh3+ $1 $19) 55... Ke4 (55...
Ke6 56. Kg4 f3 57. Kg3 $10) 56. Rb4+ Rd4 (56... Ke3 57. Rxf4 $1 $10) 57. Rb7
Kf3 58. Rb3+ $1 (58. Rxh7 $2 Kg2 $1 $19) 58... Kf2 59. Rb2+ Ke3 60. Kg4 $10)
54. Rb4 $1 (54. Rb3 Re3 55. Ra3 f4) 54... Re3 (54... f4 55. Rxf4+ $1) (54...
Kg2 55. Rb2+ Kf1 56. Rf2+ Ke1 57. Rf1+ $10) 55. Rf4+ $1 Ke2 56. Rf2+ $10) 49.
Rb3 Rd3 50. Rb7 f4 (50... Rd4 51. h3 (51. Rxh7 Rg4+ 52. Kh1 Kf2 $19) 51... f4
52. Re7+ $10) 51. Rf7 $1 Rf3 (51... f3+ 52. Kg3 Rd5 (52... f2+ 53. Kg2 $10) 53.
Re7+ Kd2 54. Kxf3 $10) 52. Rxh7 Rf2+ 53. Kh3 Rf1 (53... f3 54. Re7+) 54. Re7+
Kf2 55. Re6 f3 56. Rxg6 Rg1 57. Kh4 Kg2 58. Rf6 f2 59. g6 f1=Q 60. Rxf1 Kxf1
61. Kh5 Kg2 1/2-1/2

[Event "Linares Anibal op 07th"]
[Site "Linares"]
[Date "2000.01.12"]
[Round "6"]
[White "Anastasian, Ashot"]
[Black "Holmsten, Aleksei"]
[Result "1-0"]
[WhiteElo "2545"]
[BlackElo "2380"]
[Annotator "Ftacnik,L"]
[PlyCount "55"]
[EventDate "2000.01.07"]
[EventType "swiss"]
[EventRounds "10"]
[EventCountry "ESP"]
[SourceTitle "CBM 075"]
[Source "ChessBase"]
[SourceDate "2000.04.05"]
[SourceVersion "1"]
[SourceVersionDate "2000.04.05"]
[SourceQuality "1"]

1. Nf3 Nf6 2. c4 g6 3. Nc3 Bg7 4. d4 d5 5. Bf4 O-O 6. Rc1 dxc4 7. e4 Bg4 8.
Bxc4 Nh5 9. Be3 Bxf3 10. gxf3 e5 11. dxe5 Bxe5 12. Qxd8 Rxd8 13. O-O Nc6 14.
Nd5 Bxb2 (14... Na5 $1 15. Bg5 (15. Be2 c6 16. Ne7+ Kf8 17. Rc5 Nf4 $15) 15...
Rd7 16. Bb5 c6 17. b4 Nc4 (17... cxb5 18. bxa5 Re8 $15) 18. Rxc4 cxd5 19. Rc5
Rd6 20. Rd1 dxe4 21. Be2 Nf4 22. Bxf4 Bxf4 23. fxe4 Rad8 {1/2-1/2 Bosboom,
M-Van de Mortel,J/Rotterdam/ 1999/ (23)}) 15. Rb1 Be5 $6 {Impulsive move,
which only helps white to control more squares in the center.} (15... Ba3 $5
16. Nxc7 (16. Rxb7 Na5 17. Rxc7 Bd6 $17) 16... Rac8 17. Nd5 $13) 16. f4 Bd6 (
16... Na5 17. Be2 Rxd5 18. exd5 (18. Bxh5 Rdd8 19. fxe5 gxh5 20. f4 b6 $15)
18... Nxf4 19. Bf3 $13) 17. Be2 Ng7 (17... Rab8 18. Rfd1 (18. Bxh5 gxh5 19.
Rfd1 Kg7 20. e5 $11) 18... a5 19. e5 Bb4 20. Bxh5 gxh5 21. Nxc7 $14) 18. Rxb7
Ne6 (18... Rab8 19. Rxb8 Rxb8 20. Rc1 $16) 19. e5 Ba3 20. Nxc7 Nxc7 21. Rxc7 {
White's position is magnificient, he has bishop's pair, extra pawn and an
active rook.} Rac8 (21... Ne7 22. Bf3 Nd5 23. Bxd5 Rxd5 24. Rb1 $18) 22. Rxc8
Rxc8 23. Rd1 Nb4 (23... Rc7 24. Bg4 $16) 24. Rd7 a5 (24... Nxa2 $2 25. Rxa7 Rc3
26. Ra8+ Kg7 27. Bd4 Rc1+ 28. Kg2 Nc3 29. e6+ f6 30. Ra7+ Kh6 31. Bd3 $1 (31.
Bxc3 Rxc3 32. e7 $18) 31... Bb4 32. Bxf6 $18) 25. Bd1 Nc2 (25... Nxa2 26. Bb3
Nc3 27. Rxf7 Kh8 28. e6 $18) (25... Bc1 26. Bb3 Bxe3 27. fxe3 Rf8 28. a3 Na6
29. Rd5 $18) 26. Bb6 Bc1 (26... Bb4 27. Bf3 Rc4 28. f5 $1 gxf5 29. Bd5 Rg4+ 30.
Kf1 $18) 27. f5 $1 {[%mdl 2048] The difference between activity of white and
black pieces is enormous.} gxf5 (27... Bf4 28. e6 fxe6 29. fxe6 $18) 28. Bh5 (
28. Bh5 Bf4 29. Bxf7+ Kf8 30. e6 a4 31. Bd8 $18) 1-0

[Event "Olympiad-34"]
[Site "Istanbul"]
[Date "2000.11.09"]
[Round "12.2"]
[White "Sokolov, Ivan"]
[Black "Stohl, Igor"]
[Result "1-0"]
[WhiteElo "2611"]
[BlackElo "2578"]
[Annotator "Ftacnik,L"]
[PlyCount "67"]
[EventDate "2000.10.28"]
[EventType "team-swiss"]
[EventRounds "14"]
[EventCountry "TUR"]
[SourceTitle "EXT 2001"]
[Source "ChessBase"]
[SourceDate "2000.11.22"]
[SourceVersion "1"]
[SourceVersionDate "2000.11.22"]
[SourceQuality "1"]
[WhiteTeam "Bosnia&Herzegovina"]
[BlackTeam "Slovakia"]
[WhiteTeamCountry "BIH"]
[BlackTeamCountry "SVK"]

1. d4 Nf6 2. c4 g6 3. Nc3 d5 4. Nf3 Bg7 5. Bf4 O-O 6. Rc1 dxc4 7. e3 Be6 8. Ng5
Bd5 9. e4 h6 10. exd5 hxg5 11. Bxg5 Nxd5 12. Bxc4 Nb6 13. Bb3 Nc6 14. Ne2 Na5
15. Bc2 Qd5 16. h4 Qxg2 17. Rg1 Qh2 18. Be4 Rad8 19. Rh1 Qd6 20. h5 {This
extremely sharp line is dangerous for both sides. White's main argument is the
power of active bishops.} Nc6 (20... Bxd4 $5 21. Nxd4 (21. hxg6 Qb4+ $1 $17) (
21. Qxd4 Qxd4 22. Nxd4 Rxd4 23. Bf3 c6 24. b3 Nd5 $17) 21... Qe5 (21... Qxd4
22. Qe2 $40) 22. Be3 Qxe4 23. Rg1 Nc6 $17) (20... f5 21. Bg2 $14) 21. hxg6 Nxd4
(21... fxg6 22. Qb3+ Rf7 23. Bf4 $14) 22. Nxd4 Qe5 (22... Qxd4 23. Qxd4 Rxd4 (
23... Bxd4 24. Bh6 $1 (24. Bxe7 Rde8 25. Rxc7 fxg6 26. Bxg6 Nd5 $1 27. Bxe8
Rxe8 28. Rxb7 Nxe7 $13) 24... c6 (24... Bg7 25. Rxc7 $16) 25. Bxf8 Kxf8 26.
gxf7 Kxf7 27. Rh7+ $16) 24. Bxb7 $14) 23. Qh5 $1 Qxe4+ (23... fxg6 24. Qh7+ Kf7
25. Qxg6+ Kg8 26. Rh8+ $1 $18) 24. Be3 Qxg6 (24... fxg6 $5 25. Qh7+ Kf7 26. Rh4
Qe5 (26... Rxd4 27. Rxe4 Rxe4 28. Qh1 $14) 27. Nf3 (27. Rf4+ $6 Qxf4 28. Bxf4
Rh8 29. Qxg7+ Kxg7 30. Ne6+ Kf6 31. Nxd8 Rxd8 $15) 27... Qxb2 28. Ng5+ Ke8 29.
Qxg6+ Kd7 30. Qe6+ Ke8 $13) 25. Nf5 $1 Rfe8 $2 {[%mdl 128] In a muddle of
complicated varaitions Stohl is losing track. To be objective even in the post
mortem couple of GMs were all missing the golden shot 28...Qe4! in the main
line after the correct 25...Nd5.} (25... Qxh5 26. Nxe7+ Kh7 27. Rxh5+ $18) (
25... Bf6 26. Nxe7+ $1 $18) (25... Nd5 $1 26. Nxg7 Kxg7 (26... Qxg7 27. Bh6 Qg6
28. Bxf8 Qxh5 29. Rxh5 $18) 27. Bh6+ Kf6 28. Bxf8 (28. Qf3+ Ke6 29. Bxf8 Rxf8
30. Kf1 c6 $11) 28... Qe4+ $1 29. Kf1 Qd3+ 30. Kg1 Rxf8 $13) 26. Nxg7 Kxg7 (
26... Qxg7 27. Bh6 Qg6 28. Qh2 Qe4+ 29. Be3 f6 30. Rxc7 $16) 27. Qh2 $1 Rh8 (
27... Kf6 28. Rg1 Qd3 29. Qh6+ Ke5 30. Rg5+ f5 31. Rg3 $18) 28. Qe5+ Qf6 (28...
f6 29. Qxe7+ Qf7 30. Rg1+ $18) 29. Rg1+ Kf8 (29... Kh7 30. Qh2+ $18) 30. Qxf6
exf6 31. Rxc7 {Black was truly depressed when he saw the poor endgame position,
as his king is in grave danger.} Nd5 (31... Nd7 32. Rxb7 a5 33. Rg4 $16) 32.
Bc5+ Ke8 33. Rxb7 Rc8 (33... a6 34. Ra7 Rc8 35. Kd2 $16) 34. Kd2 $1 (34. Kd2 $1
a5 35. Re1+ Kd8 36. Be7+ (36. Bd6 Rh4 $1) 36... Nxe7 37. Rexe7 Rc5 38. Rxf7 $16
) 1-0

[Event "CZE-ch"]
[Site "Zlin"]
[Date "1997.??.??"]
[Round "2"]
[White "Jirovsky, Milos"]
[Black "Kalod, Radek"]
[Result "0-1"]
[WhiteElo "2505"]
[BlackElo "2455"]
[Annotator "Ftacnik,L"]
[PlyCount "78"]
[EventDate "1997.06.12"]
[EventType "tourn"]
[EventRounds "11"]
[EventCountry "CZE"]
[EventCategory "10"]
[SourceTitle "CBM 061"]
[Source "ChessBase"]
[SourceDate "1997.11.23"]
[SourceVersion "1"]
[SourceVersionDate "1997.11.23"]
[SourceQuality "1"]

1. d4 Nf6 2. Nf3 g6 3. c4 Bg7 4. Nc3 d5 5. Bf4 O-O 6. Rc1 dxc4 7. e4 b5 (7...
c5) (7... Bg4) 8. Nxb5 (8. e5 $2 Nd5 $17) 8... Nxe4 9. Bxc4 (9. Bxc7 Qd7 10.
Bxc4 a6 11. Na3 (11. Nc3 Nxf2 $1) 11... Nc6 12. O-O Qxc7 (12... Bb7 $1 13. Be5
$6 (13. Bb6 Rab8 {/\ Ba8} 14. b3 Bh6 15. Rc2 Nb4 16. Ne5 Qf5 $44) 13... Bh6 14.
Rb1 Rad8 15. Qe2 $2 (15. Re1 Nxe5 16. dxe5 Qc6 17. Qe2 Nd2 18. Rbd1 {- 15.Qe2})
(15. Qb3 Na5 16. Qb4 Nxc4 17. Nxc4 e6 18. Nb6 Qc6 {/\ Nd2} 19. Nc4 Qb5 $5 20.
Qxb5 axb5 21. Ne3 f6 22. Bc7 Rd7 23. Rfc1 Nd6 $44) 15... Nxe5 16. dxe5 Qc6 $1
17. Kh1 (17. Rbd1 Nd2 18. Rfe1 Rd4 $1 19. b3 Re4 $1 20. Qd3 Rg4 $19) 17... Nd2
18. Rbc1 Qb6 19. Nxd2 Rxd2 20. Qe1 Qd4 $5 {0-1 Vegh,E-Feher,G/Magyarorszag
1996 (29) /\ Qg4}) 13. Bd5 Nf6 (13... Qf4 14. Bxc6 Rb8 15. g3 Qf5 16. Nc4 Rd8
17. Ne3 Qe6 18. b3 Bb7 19. Bxb7 Rxb7 20. Qd3 Nf6 {1-0 Rogers,I-Mirumian,V/
Erevan olm 1996 (44)}) 14. Bxc6 Rb8 15. Ne5 Qa7 16. Bf3 Bb7 17. Nac4 Rbd8 18.
Qb3 Bxf3 19. Qxf3 Rd5 20. Ne3 Rb5 21. Nc6 Qd7 22. b3 Bh6 23. Rc4 {1-0 Portisch,
L-Tukmakov,V/Biel SKA 1996/ (28)}) (9. Nxc7 $2 e5 10. Nxa8 exf4 11. Bxc4 Bb7
$17) 9... c6 (9... Nd6 $2 10. Nxc7 $1 Qxc7 11. Bxf7+ Rxf7 12. Rxc7 Rxf4 13.
Qb3+ $16) 10. Nc3 (10. Nc7 $2 e5 11. Nxa8 exf4 $17) 10... Nd6 (10... Nxc3 $5
11. bxc3 Nd7 12. O-O Nb6 $11) 11. Bb3 (11. Be2 Nf5 12. Be5 Bh6 13. Rc2 (13. g4
Nd6 $8 14. g5 Bg7 15. Bxg7 Kxg7 16. h4 $13) 13... Nd7 14. O-O Qa5 15. Bc4 Ba6
16. Qe2 (16. b4 $5 Qb6 17. Na4 Qxb4 18. Bxa6 Qxa4 19. Bb7 Nxe5 20. dxe5 Rad8
21. Bxc6 $1 $11) 16... Bxc4 17. Qxc4 Rac8 18. h3 (18. b4 Qb6 19. Na4 Qb5 $15) (
18. Ne4 Qd5 19. Nc5 Qxc4 20. Rxc4 Nb6 21. Rc2 Rfd8 $15) (18. Re2 $1 {Kortschnoj
}) 18... c5 19. Ne4 (19. Nd5 cxd4 20. Bc7 Nb6 $17) 19... cxd4 20. Qxc8 (20. Bc7
Nb6) 20... Rxc8 (20... Nxe5 $1 21. Qc5 Nxf3+ 22. gxf3 Qxa2 $17) 21. Rxc8+ Bf8
22. Bf4 Qxa2 {0-1 Van Wely,L-Leko,P/Groningen 1995/ (48)}) 11... Ba6 12. Be5
Bh6 (12... Nd7 13. Bxg7 Kxg7 14. Ne5 $11) 13. h4 $5 (13. Rc2 Nd7 $15) 13... Nd7
(13... Bxc1 14. Qxc1 Nd7 15. h5 Bd3 16. Qd1 $13) 14. h5 g5 (14... Bxc1 15. Qxc1
) 15. Nxg5 $5 (15. Qd2 Nc4 16. Bxc4 Bxc4 $15) 15... Nxe5 (15... Bxg5 16. Qg4 h6
17. f4 Bc8 18. fxg5 (18. Bxd6 Nc5 19. Qd1 Nxb3 20. Qxb3 exd6 21. fxg5 Re8+ $17)
18... Nxe5 19. Qg3 Ng4 20. gxh6 Kh7 $17) 16. dxe5 Qa5 (16... Bxg5 17. Qg4 h6
18. f4 Bc8 19. e6 $13) 17. f4 (17. exd6 Qxg5 18. Rc2 Qxg2 $19) 17... Bxg5 18.
Qg4 (18. exd6 Bxf4 19. Qg4+ Qg5 20. Qxg5+ Bxg5 21. Rd1 exd6 22. Rxd6 Rad8 $17)
(18. fxg5 Qxe5+ 19. Ne2 Qxg5 $17) 18... Ne4 (18... Qc5 19. Qxg5+ (19. exd6 Kh8
20. Qf3 $14) 19... Kh8 20. Qg3 Nf5 $14) 19. fxg5 Nxc3 20. Rxc3 (20. bxc3 Qxe5+
21. Kf2 Bc8 $17) 20... Qxe5+ 21. Kd2 $2 {White king becomes unnecessarily
brave, the position was rather unclear. Weisser Konig macht sich unnotig brav,
die Stellung war ziemlich unklar.} (21. Kf2 $1 Rad8 (21... Bc8 22. Qh4 Qf5+ 23.
Rf3 Qc5+ 24. Kg3 $11) 22. g6 Rd2+ 23. Kg1 e6 $13) 21... Rad8+ 22. Kc1 (22. Kc2
Bc8 23. Qh4 Rd4 $17) 22... Bd3 $1 23. Rxd3 (23. Bc2 Rd4 24. Qf3 Qxg5+ $19) (23.
Rh3 Bf5 24. Rhe3 Qxe3+ 25. Rxe3 Bxg4 $19) 23... Rxd3 24. g6 Rg3 25. gxf7+ (25.
Bxf7+ Kh8 (25... Kg7 $4 26. h6+ Kf6 27. Rf1+) 26. Qe6 Qxe6 27. Bxe6 hxg6 28.
hxg6+ Kg7 29. Bf7 Rxg2 $19) 25... Kh8 26. Qc4 Rxg2 27. Qc3 (27. Bc2 Qg5+ 28.
Kb1 Rg1+ $19) 27... Qxc3+ 28. bxc3 h6 $1 (28... e5 29. h6 a5 30. Rh5 a4 31.
Rxe5 $1) 29. Re1 Rg5 30. Rxe7 a5 31. Re6 Kg7 $1 (31... Rxh5 $2 32. Rg6 Rg5 33.
Rxh6+ Kg7 34. Rxc6 $11) 32. Rxc6 Rxh5 33. Rd6 (33. Be6 Rg5 34. c4 Rg6 35. c5
Rxf7 $19) 33... Rg5 34. Bd5 h5 35. c4 h4 36. Rb6 (36. c5 h3 37. c6 h2 $19)
36... h3 37. Rb3 Rh8 $1 38. Re3 (38. f8=Q+ Kxf8 39. Rb8+ Kg7 40. Rb7+ Kf6 $19)
38... h2 39. Re1 Rg1 0-1

[Event "Kharkov Rector Cup 3rd"]
[Site "Kharkov"]
[Date "2001.04.23"]
[Round "8"]
[White "Turov, Maxim"]
[Black "Eljanov, Pavel"]
[Result "1-0"]
[WhiteElo "2553"]
[BlackElo "2558"]
[Annotator "Ftacnik,L"]
[PlyCount "77"]
[EventDate "2001.04.18"]
[EventType "tourn"]
[EventRounds "10"]
[EventCountry "UKR"]
[EventCategory "13"]
[SourceTitle "CBM 083"]
[Source "ChessBase"]
[SourceDate "2001.07.05"]
[SourceVersion "1"]
[SourceVersionDate "2001.07.05"]
[SourceQuality "1"]

1. d4 Nf6 2. c4 g6 3. Nc3 d5 4. Nf3 Bg7 5. Bf4 O-O 6. Rc1 dxc4 7. e3 Be6 8. Ng5
Bd5 9. e4 h6 10. exd5 hxg5 11. Bxg5 b5 12. Qf3 b4 (12... Nbd7 13. Nxb5 c6 14.
dxc6 Qa5+ 15. Bd2 Qxb5 16. Bxc4 Qxb2 17. cxd7 Qxd4 18. Be3 Qxd7 19. O-O Rac8
20. Rfd1 Qa4 {1/2-1/2 Heimerl,L-Huenerkopf,H/Germany/1983/ (30)}) 13. Ne4 (13.
Na4 Qxd5 14. Qxd5 Nxd5 15. Bxc4 Nb6 16. Nxb6 axb6 17. O-O e6 18. Rfd1 Nc6 19.
d5 Na5 20. Bb5 exd5 21. Rxc7 d4 22. Be7 Rfc8 23. Rxc8+ Rxc8 24. Bxb4 {0-1
Henttinen,M-Tella,J/FIN/1994/ (56)}) 13... Nxd5 14. Bxc4 c6 $6 {White has two
bishop's and dangerous initiative, so it was necessary to aim for some
counterplay with 14...Nb6.} (14... Nb6 15. O-O (15. Bb3 $1 a5 16. Bf4 $14)
15... Nc6 16. Nc5 Nxd4 17. Qe4 Nxc4 18. Rxc4 f5 19. Qd3 Qd6 20. Rd1 e5 {
0-1 Tolonen,L-Tella,J/FIN/1995/ (59)}) 15. h4 $1 f5 (15... Bxd4 16. h5 $1 Bxb2
(16... f5 17. Qh3 fxe4 18. Qe6+ Kg7 19. Bh6+ Kh8 20. hxg6 Bxf2+ 21. Ke2 $18)
17. hxg6 fxg6 18. Qh3 $18) 16. Nc5 Qd6 17. Bf4 (17. Rd1 e5 18. Nb7 Qe6 19. Nd8
$16) 17... e5 18. Bxd5+ cxd5 (18... Qxd5 19. Qxd5+ cxd5 20. Bxe5 $16) 19. dxe5
Bxe5 (19... Re8 20. e6 $16) 20. Nd3 (20. Bxe5 Qxe5+ 21. Qe2 $16) 20... Bxf4 21.
Qxf4 {[%mdl 16] Turov has better pawn structure and piece development, black
is in serious trouble.} Qe6+ 22. Kd2 Nd7 (22... Qe4 23. Qd6 $18) 23. Rhe1 Qf6
24. Qg5 (24. Qxb4 Rab8 25. Qe7 $18) 24... Rfe8 25. Qxf6 Nxf6 26. Rxe8+ Rxe8 27.
f3 Nh5 (27... a5 28. Rc6 Kg7 29. Ra6 $18) 28. Re1 (28. Rc6 Kf7 29. Ra6 Re7 30.
Nxb4 Nf4 31. g3 Nh5 32. Nc6 $18) 28... Rxe1 29. Kxe1 a5 30. Kd2 d4 {Black king
is too far away from the queenside, white has no problem winning the endgame.}
(30... Kf7 31. Kc2 Kf6 32. Kb3 g5 33. Ka4 gxh4 34. Kxa5 $18) 31. g4 (31. Kc2 $1
a4 32. b3 a3 33. Nxb4 $18) 31... Ng3 (31... fxg4 32. fxg4 Nf6 33. Ne5 $16) 32.
Ne5 fxg4 33. fxg4 g5 (33... Kg7 34. Kd3 $16) 34. hxg5 a4 35. Kd3 Nf1 36. Kxd4
a3 37. b3 Nd2 38. Kc5 Nxb3+ 39. Kxb4 1-0